Utah Colleges Quiz Stats

 Plays Quiz not verified by Sporcle

Also try: Wyoming Colleges
Challenge
Share
Tweet
Embed
Score 0/19 Timer 02:00
0 Plays Today
% Correct
Brigham Young University
98.4%
University of Utah
93.5%
Utah State University
93.5%
Weber State University
93.5%
Southern Utah University
88.7%
Utah Valley University
83.9%
Dixie State University
83.9%
Salt Lake Community College
83.9%
Westminster College
79%
LDS Business College
77.4%
% Correct
Snow College
74.2%
Utah College of Applied Technology
64.5%
Provo College
61.3%
Eagle Gate College
56.5%
Stevens-Henager College
56.5%
Rocky Mountain University of Health Professions
53.2%
Broadview University
53.2%
Neumont University
40.3%
Ameritech College of Healthcare
40.3%

You're not logged in!

Compare scores with friends on all Sporcle quizzes.
Join for Free
OR
Log In

You Might Also Like...

Show Comments

Extras

Top Quizzes Today


Score Distribution

Your Account Isn't Verified!

In order to create a playlist on Sporcle, you need to verify the email address you used during registration. Go to your Sporcle Settings to finish the process.

Report this User

Report this user for behavior that violates our Community Guidelines.

Details: